000 00590nam a2200181Ia 4500
003 GCL
008 140319s9999 xx 000 0 ara d
040 _aGCL /
_cGCL
082 0 4 _a813.01
_bط م
100 1 _aغالب هلسا
245 1 0 _aمنوعات من مقام الرص (هدية من الاديب عبدالفتاح الجمل) /
_cغالب هلسا
700 1 _aطاهر السقا
300 _a178 ص
490 _aكتابات الرواد الجديدة
_v0
650 0 4 _aالادب العربى
650 0 4 _aالقصص العربية القصيرة
942 _2ddc
_cBK
999 _c47620
_d47620